Odhalenie sochy gen. M. R. Štefánikovi v Leviciach

Bibliographic Details
Format: Article
Language:Slovak
Subjects:

MARC

LEADER 00000nab a22000001a 4500
001 vtls010309093
003 SK-MaSNL
005 20260305021457.0
008 110906d19320426xo |r|p|||| |000 b|slo
015 |a SNBRRBVU1918-1938 
038 |a SNKBUCL 
040 |a SNKBUVU  |b slo  |c SNKBUCL  |e AACR2 
041 0 |a slo 
044 |a xo  |c SK 
080 |a 730.071.1  |2 1997 
080 |a 725.94  |2 1997 
245 0 0 |a Odhalenie sochy gen. M. R. Štefánikovi v Leviciach  |c [autor] -an. 
500 |a V rubrike Denné zvesti 
600 1 7 |a Motoška, Frico,  |d 1891-1956  |2 MM  |9 147421 
600 1 7 |a Štefánik, Milan Rastislav,  |d 1880-1919  |2 MM  |9 86219 
648 7 |a 1932  |2 snkbucl  |9 309437 
650 0 7 |a slovenské sochárstvo  |2 MM  |9 3052 
650 0 7 |a pomníky  |2 MM  |9 3013 
651 7 |a Levice (Slovensko)  |2 MM  |9 55713 
773 0 |t Slovenský večerník  |g Roč. 4, č. 97 (26.4.1932), s. 3 
852 |a SNK  |b KIS3GCP 
910 |a snkrbvumm 
958 |a VY 
999 |c 3286201  |d 3288131